| 000 | 01309nam a22002897a 4500 | ||
|---|---|---|---|
| 003 | OSt | ||
| 005 | 20250904150622.0 | ||
| 008 | 240424b ||||| |||| 00| 0 eng d | ||
| 040 | _c0 | ||
| 082 | _aDPer 621.317 Ie21 November 2022 v. 37 n. 11 | ||
| 100 |
_aOhn, Sungjae. _eauthor. _956622 |
||
| 245 |
_aA scalable filter topology for N-parallel modular three-phase AC–DC converters by an arrangement of coupled inductors / _cSungjae Ohn, Ripun Phukan, Dong Dong, Rolando Burgos, Dushan Boroyevich, Mondal Gopal, and Sebastian Nielebock. |
||
| 260 |
_aNew York ; _bThe Institute of Electrical and Electronics Engineers, Inc. , _cNovember 2022. |
||
| 300 |
_aVolume 37, pages 13358-13367 : _billustration ; _c28 cm. |
||
| 500 | _aIEEE Transactions on Power Electronics, vol. 37, no. 11, pages 13358-13367, November 2022. | ||
| 650 | 0 |
_aAC–DC converter. _967166 |
|
| 650 | 0 |
_aHarmonic analysis. _965745 |
|
| 650 | 0 |
_aCoupled inductor (CI). _967185 |
|
| 700 |
_aOhn, Sungjae. _eauthor. _956622 |
||
| 700 |
_aPhukan, Ripun. _eauthor. _956623 |
||
| 700 |
_aDong, Dong. _eauthor. _956624 |
||
| 700 |
_aBurgos, Rolando. _eauthor. _956625 |
||
| 700 |
_aBoroyevich, Dushan. _eauthor. _956626 |
||
| 700 |
_aGopal, Mondal. _eauthor. _956627 |
||
| 700 |
_aNielebock, Sebastian. _eauthor. _956628 |
||
| 942 |
_2ddc _cPER |
||
| 999 |
_c20147 _d20147 |
||